<?xml version='1.0' encoding='UTF-8'?>
  <record xmlns="http://www.loc.gov/MARC21/slim">
    <leader>00000cem a2200000 i 4500</leader>
    <controlfield tag="001">ocn980375152</controlfield>
    <controlfield tag="003">OCoLC</controlfield>
    <controlfield tag="005">20240904175757.3</controlfield>
    <controlfield tag="008">080225s1794    ne        a     0   dut d</controlfield>
    <datafield tag="040" ind1=" " ind2=" ">
      <subfield code="a">QGJ</subfield>
      <subfield code="b">dut</subfield>
      <subfield code="e">fobidrtb</subfield>
      <subfield code="c">QGJ</subfield>
      <subfield code="d">OCLCO</subfield>
      <subfield code="d">QGJ</subfield>
      <subfield code="d">OCLCL</subfield>
      <subfield code="d">OCLCQ</subfield>
    </datafield>
    <datafield tag="035" ind1=" " ind2=" ">
      <subfield code="a">(OCoLC)980375152</subfield>
    </datafield>
    <datafield tag="084" ind1=" " ind2=" ">
      <subfield code="a">74.19</subfield>
      <subfield code="2">bcl</subfield>
    </datafield>
    <datafield tag="245" ind1="0" ind2="0">
      <subfield code="a">Wassende zeekaart van de kusten der Cantabrische Zee en der geheele Golf van Frankrijk, gevolgd van C. Finisterre tot aan de Baijonne naar de Spaansche kaart van den ridder d. Vicente Tofino de Sn. Miguel, en van Baijonne tot J.D. Ouessant naar de Fransche trigonometrische kaart van Ms. Maraldi en Cassini de Thurij.</subfield>
    </datafield>
    <datafield tag="255" ind1=" " ind2=" ">
      <subfield code="a">Schaal [ca. 1:925.000].</subfield>
    </datafield>
    <datafield tag="264" ind1=" " ind2="1">
      <subfield code="a">Te Amsterdam :</subfield>
      <subfield code="b">bij G. Hulst van Keulen,</subfield>
      <subfield code="c">1794.</subfield>
    </datafield>
    <datafield tag="300" ind1=" " ind2=" ">
      <subfield code="a">1 krt. :</subfield>
      <subfield code="b">kopergrav. ;</subfield>
      <subfield code="c">72 x 90 cm</subfield>
    </datafield>
    <datafield tag="336" ind1=" " ind2=" ">
      <subfield code="a">cartografische afbeelding</subfield>
      <subfield code="b">cri</subfield>
      <subfield code="2">rdacontent/dut</subfield>
    </datafield>
    <datafield tag="337" ind1=" " ind2=" ">
      <subfield code="a">zonder medium</subfield>
      <subfield code="b">n</subfield>
      <subfield code="2">rdamedia/dut</subfield>
    </datafield>
    <datafield tag="338" ind1=" " ind2=" ">
      <subfield code="a">vel</subfield>
      <subfield code="b">nb</subfield>
      <subfield code="2">rdacarrier/dut</subfield>
    </datafield>
    <datafield tag="500" ind1=" " ind2=" ">
      <subfield code="a">Onder cartouche: "NB. Bij deeze kaarte behoort eene beschrijvinge".</subfield>
    </datafield>
    <datafield tag="500" ind1=" " ind2=" ">
      <subfield code="a">Links buiten het kader: "Aanwyzing van de dieptens en soort gronden op deeze kaart".</subfield>
    </datafield>
    <datafield tag="500" ind1=" " ind2=" ">
      <subfield code="a">Voor latere staat zie: Wassende zeekaart van de kusten der Cantabrische Zee en der geheele Bogt van Frankrijk ... - 1824.</subfield>
    </datafield>
    <datafield tag="510" ind1="0" ind2=" ">
      <subfield code="a">Koeman, 4, 376 [456]</subfield>
    </datafield>
    <datafield tag="510" ind1="0" ind2=" ">
      <subfield code="a">Vries, Dirk de ... [et al.]. The Van Keulen cartography, 119, p. 174</subfield>
    </datafield>
    <datafield tag="650" ind1=" " ind2="7">
      <subfield code="a">Diepte.</subfield>
      <subfield code="0">(NL-LeOCL)198479255.</subfield>
      <subfield code="2">gtt</subfield>
    </datafield>
    <datafield tag="650" ind1=" " ind2="7">
      <subfield code="a">Kusten.</subfield>
      <subfield code="0">(NL-LeOCL)078567785.</subfield>
      <subfield code="2">gtt</subfield>
    </datafield>
    <datafield tag="651" ind1=" " ind2="7">
      <subfield code="a">Golf van Biskaje.</subfield>
      <subfield code="0">(NL-LeOCL)078523699.</subfield>
      <subfield code="2">gtt</subfield>
    </datafield>
    <datafield tag="655" ind1=" " ind2="7">
      <subfield code="a">Kaarten (vorm)</subfield>
      <subfield code="0">(NL-LeOCL)088143554.</subfield>
      <subfield code="2">gtt</subfield>
    </datafield>
    <datafield tag="700" ind1="1" ind2=" ">
      <subfield code="a">Tofiño de San Miguel, Vicente,</subfield>
      <subfield code="d">1732-1795.</subfield>
      <subfield code="1">https://id.oclc.org/worldcat/entity/E39PBJmTv4Ph8xpVwQQ6hfPqQq</subfield>
    </datafield>
    <datafield tag="700" ind1="1" ind2=" ">
      <subfield code="a">Maraldi, Giovanni Domenico,</subfield>
      <subfield code="d">1709-1788.</subfield>
      <subfield code="1">https://id.oclc.org/worldcat/entity/E39PBJf4gJ9j9PHyykcc7Dp3wC</subfield>
    </datafield>
    <datafield tag="700" ind1="1" ind2=" ">
      <subfield code="a">Cassini de Thury, Cesar-Francois,</subfield>
      <subfield code="d">1714-1784.</subfield>
      <subfield code="1">https://id.oclc.org/worldcat/entity/E39PBJqfHR7hb6C3F6gG8QhWDq</subfield>
    </datafield>
    <datafield tag="758" ind1=" " ind2=" ">
      <subfield code="a">Wassende zeekaart van de kusten der Cantabrische Zee en der geheele Golf van Frankrijk, gevolgd van C. Finisterre tot aan de Baijonne naar de Spaansche kaart van den ridder d. Vicente Tofino de Sn. Miguel, en van Baijonne tot J.D. Ouessant naar de Fransche trigonometrische kaart van Ms. Maraldi en Cassini de Thurij (CartographicMaterial)</subfield>
      <subfield code="1">https://id.oclc.org/worldcat/entity/E39PCFWBHCBwkwfqXbVGym64mb</subfield>
      <subfield code="4">https://id.oclc.org/worldcat/ontology/hasWork</subfield>
    </datafield>
    <datafield tag="936" ind1=" " ind2=" ">
      <subfield code="a">BATCHLOAD</subfield>
    </datafield>
  </record>